Car Models 11 - Statistics

General Stats
  • This quiz has been taken 22 times
  • The average score is 9 of 16
Answer Stats
Picture Answer % Correct
Toyota Celica
89%
Lamborghini Miura
84%
Audi Q7
79%
Citroën C6
74%
BMW X1
68%
Honda CR-V
68%
Nissan Cube
68%
Peugeot 405
63%
Jaguar XJ
58%
Škoda Octavia
58%
Subaru Baja
53%
Lexus LS400
47%
Porsche 935
37%
TVR Griffith
37%
Triumph Spitfire
32%
Volvo 245
16%
No matching quizzes found
Score Distribution
Percent of People with Each Score
Percentile by Number Answered
Your Score History
You have not taken this quiz